[Event "April 9 Late 2024"]
[Site "Chess.com"]
[Date "2024.04.09"]
[Round "5"]
[White "Sena, Juan"]
[Black "Crispin Ferreras, Darvi Abraham"]
[Result "0-1"]
[Board "146"]
[WhiteFideId "6400272"]
[BlackFideId "6402771"]
[BlackTitle "CM"]
[WhiteElo "2182"]
[BlackElo "2404"]
[WhiteTeam "DOM"]
[BlackTeam "DOM"]
[WhiteClock "0:00:12"]
[BlackClock "0:00:43"]
[Variant "Standard"]

1. e4 {[%clk 0:03:00]}  e5 {[%clk 0:02:59]} 2. Nf3 {[%clk 0:03:00]}  Nc6 {[%clk 0:02:59]} 3. Bb5 {[%clk 0:03:00]}  Be7 {[%clk 0:02:57]} 4. O-O {[%clk 0:02:50]}  Nf6 {[%clk 0:02:54]} 5. Re1 {[%clk 0:02:48]}  d6 {[%clk 0:02:47]} 6. d4 {[%clk 0:02:45]}  exd4 {[%clk 0:02:48]} 7. Nxd4 {[%clk 0:02:45]}  Bd7 {[%clk 0:02:48]} 8. Nc3 {[%clk 0:02:44]}  O-O {[%clk 0:02:48]} 9. h3 {[%clk 0:02:38]}  a6 {[%clk 0:02:44]} 10. Bxc6 {[%clk 0:02:34]}  bxc6 {[%clk 0:02:43]} 11. Qf3 {[%clk 0:02:30]}  Re8 {[%clk 0:02:38]} 12. Nf5 {[%clk 0:02:28]}  Bxf5 {[%clk 0:02:37]} 13. Qxf5 {[%clk 0:02:26]}  Qd7 {[%clk 0:02:37]} 14. Qf3 {[%clk 0:02:19]}  Rab8 {[%clk 0:02:32]} 15. b3 {[%clk 0:02:18]}  Qe6 {[%clk 0:02:23]} 16. Bb2 {[%clk 0:02:12]}  Nd7 {[%clk 0:02:23]} 17. Rad1 {[%clk 0:02:11]}  Bf6 {[%clk 0:02:23]} 18. Qg3 {[%clk 0:02:07]}  Nc5 {[%clk 0:02:15]} 19. f4 {[%clk 0:02:03]}  Bxc3 {[%clk 0:02:12]} 20. Bxc3 {[%clk 0:01:59]}  Qg6 {[%clk 0:02:08]} 21. Qxg6 {[%clk 0:01:54]}  hxg6 {[%clk 0:02:07]} 22. e5 {[%clk 0:01:53]}  d5 {[%clk 0:02:08]} 23. Bd4 {[%clk 0:01:48]}  Ne6 {[%clk 0:02:06]} 24. Be3 {[%clk 0:01:47]}  a5 {[%clk 0:02:05]} 25. Rd2 {[%clk 0:01:33]}  a4 {[%clk 0:02:05]} 26. Rc1 {[%clk 0:01:27]}  Red8 {[%clk 0:02:01]} 27. c4 {[%clk 0:01:16]}  d4 {[%clk 0:02:01]} 28. Bf2 {[%clk 0:01:12]}  axb3 {[%clk 0:02:01]} 29. axb3 {[%clk 0:01:11]}  Rxb3 {[%clk 0:02:01]} 30. g3 {[%clk 0:01:06]}  c5 {[%clk 0:02:01]} 31. Kg2 {[%clk 0:01:03]}  Rdb8 {[%clk 0:01:59]} 32. Rcc2 {[%clk 0:00:53]}  R8b4 {[%clk 0:01:56]} 33. Kf1 {[%clk 0:00:45]}  Ra3 {[%clk 0:01:48]} 34. Ke2 {[%clk 0:00:42]}  f5 {[%clk 0:01:23]} 35. exf6 {[%clk 0:00:38]}  gxf6 {[%clk 0:01:23]} 36. f5 {[%clk 0:00:35]}  gxf5 {[%clk 0:01:23]} 37. Rd3 {[%clk 0:00:33]}  Raa4 {[%clk 0:01:22]} 38. Rf3 {[%clk 0:00:31]}  Ng7 {[%clk 0:01:17]} 39. Kd3 {[%clk 0:00:29]}  Kf7 {[%clk 0:01:12]} 40. Rf4 {[%clk 0:00:27]}  Kg6 {[%clk 0:01:10]} 41. g4 {[%clk 0:00:26]}  fxg4 {[%clk 0:01:10]} 42. hxg4 {[%clk 0:00:26]}  Ne6 {[%clk 0:01:03]} 43. Re4 {[%clk 0:00:25]}  Ng5 {[%clk 0:00:53]} 44. Re7 {[%clk 0:00:24]}  Rb3+ {[%clk 0:00:53]} 45. Kd2 {[%clk 0:00:24]}  Nf3+ {[%clk 0:00:53]} 46. Kd1 {[%clk 0:00:19]}  d3 {[%clk 0:00:43]} 47. Rc1 {[%clk 0:00:12]}  d2 {[%clk 0:00:43]} 0-1

[Event "April 9 Late 2024"]
[Site "Chess.com"]
[Date "2024.04.09"]
[Round "5"]
[White "Gerbelli Neto, Eduardo"]
[Black "Saim, Mohamed Ilias"]
[Result "1-0"]
[Board "152"]
[WhiteFideId "2103281"]
[BlackFideId "7900465"]
[BlackTitle "FM"]
[WhiteElo "2375"]
[BlackElo "2036"]
[WhiteTeam "BRA"]
[BlackTeam "ALG"]
[WhiteClock "0:01:49"]
[BlackClock "0:01:15"]
[Variant "Standard"]

1. e4 {[%clk 0:03:00]}  c5 {[%clk 0:02:56]} 2. Nc3 {[%clk 0:03:00]}  e6 {[%clk 0:02:42]} 3. f4 {[%clk 0:03:00]}  d5 {[%clk 0:02:43]} 4. Nf3 {[%clk 0:03:00]}  d4 {[%clk 0:02:42]} 5. Bb5+ {[%clk 0:03:00]}  Nc6 {[%clk 0:02:43]} 6. Bxc6+ {[%clk 0:03:00]}  bxc6 {[%clk 0:02:44]} 7. Ne2 {[%clk 0:02:59]}  Bd6 {[%clk 0:02:42]} 8. d3 {[%clk 0:03:00]}  Ne7 {[%clk 0:02:40]} 9. O-O {[%clk 0:02:59]}  O-O {[%clk 0:02:39]} 10. b3 {[%clk 0:03:00]}  f5 {[%clk 0:02:36]} 11. e5 {[%clk 0:03:00]}  Bc7 {[%clk 0:02:35]} 12. Qe1 {[%clk 0:02:44]}  Bb6 {[%clk 0:02:30]} 13. a4 {[%clk 0:02:41]}  Ba5 {[%clk 0:02:24]} 14. Qh4 {[%clk 0:02:31]}  Nd5 {[%clk 0:02:23]} 15. Qh5 {[%clk 0:02:24]}  Bd7 {[%clk 0:02:21]} 16. Kh1 {[%clk 0:02:19]}  Be8 {[%clk 0:02:20]} 17. Qh3 {[%clk 0:02:19]}  Rb8 {[%clk 0:02:12]} 18. Ng5 {[%clk 0:02:15]}  h6 {[%clk 0:02:11]} 19. Nxe6 {[%clk 0:02:15]}  Qb6 {[%clk 0:02:02]} 20. Nxf8 {[%clk 0:02:13]}  Kxf8 {[%clk 0:02:02]} 21. Qxf5+ {[%clk 0:02:12]}  Kg8 {[%clk 0:02:01]} 22. Qg4 {[%clk 0:01:59]}  Bf7 {[%clk 0:01:56]} 23. f5 {[%clk 0:01:59]}  Rf8 {[%clk 0:01:35]} 24. Bxh6 {[%clk 0:01:58]}  g6 {[%clk 0:01:19]} 25. fxg6 {[%clk 0:01:52]}  Ne3 {[%clk 0:01:14]} 26. gxf7+ {[%clk 0:01:49]}  Kh7 {[%clk 0:01:15]} 27. Qg7# {[%clk 0:01:49]} 1-0

[Event "April 9 Late 2024"]
[Site "Chess.com"]
[Date "2024.04.09"]
[Round "5"]
[White "Brahami, Lamine"]
[Black "Reinecke, Katharina"]
[Result "1-0"]
[Board "153"]
[WhiteFideId "7905637"]
[BlackFideId "12929727"]
[WhiteTitle "IM"]
[BlackTitle "WCM"]
[WhiteElo "2368"]
[BlackElo "2025"]
[WhiteTeam "ALG"]
[BlackTeam "GER"]
[WhiteClock "0:01:15"]
[BlackClock "0:00:00"]
[Variant "Standard"]

1. d4 {[%clk 0:02:53]}  d5 {[%clk 0:02:59]} 2. c4 {[%clk 0:02:52]}  c6 {[%clk 0:02:56]} 3. Nc3 {[%clk 0:02:52]}  Nf6 {[%clk 0:02:55]} 4. Nf3 {[%clk 0:02:51]}  e6 {[%clk 0:02:54]} 5. e3 {[%clk 0:02:50]}  Be7 {[%clk 0:02:54]} 6. b3 {[%clk 0:02:42]}  O-O {[%clk 0:02:52]} 7. Bb2 {[%clk 0:02:39]}  a6 {[%clk 0:02:50]} 8. Bd3 {[%clk 0:02:37]}  b5 {[%clk 0:02:49]} 9. O-O {[%clk 0:02:34]}  Bb7 {[%clk 0:02:43]} 10. e4 {[%clk 0:02:34]}  bxc4 {[%clk 0:02:39]} 11. bxc4 {[%clk 0:02:34]}  dxc4 {[%clk 0:02:37]} 12. Bxc4 {[%clk 0:02:33]}  c5 {[%clk 0:02:37]} 13. d5 {[%clk 0:02:30]}  exd5 {[%clk 0:02:34]} 14. exd5 {[%clk 0:02:28]}  Bd6 {[%clk 0:02:22]} 15. Qb3 {[%clk 0:02:19]}  Qc7 {[%clk 0:02:17]} 16. a4 {[%clk 0:02:19]}  Nbd7 {[%clk 0:02:13]} 17. a5 {[%clk 0:02:19]}  Rfe8 {[%clk 0:02:04]} 18. Na4 {[%clk 0:02:11]}  Rab8 {[%clk 0:02:00]} 19. Nb6 {[%clk 0:02:11]}  Nxb6 {[%clk 0:01:58]} 20. axb6 {[%clk 0:02:11]}  Qd8 {[%clk 0:01:42]} 21. Bxf6 {[%clk 0:01:53]}  Qxf6 {[%clk 0:01:37]} 22. Bxa6 {[%clk 0:01:51]}  Bxa6 {[%clk 0:01:07]} 23. Rxa6 {[%clk 0:01:50]}  Bf4 {[%clk 0:00:45]} 24. Qb5 {[%clk 0:01:47]}  Qc3 {[%clk 0:00:37]} 25. Ra7 {[%clk 0:01:39]}  Qb4 {[%clk 0:00:32]} 26. Qd7 {[%clk 0:01:34]}  Rf8 {[%clk 0:00:20]} 27. b7 {[%clk 0:01:34]}  c4 {[%clk 0:00:19]} 28. Ra4 {[%clk 0:01:22]}  Qxb7 {[%clk 0:00:17]} 29. Qxb7 {[%clk 0:01:20]}  Rxb7 {[%clk 0:00:17]} 30. Rxc4 {[%clk 0:01:21]}  Rd7 {[%clk 0:00:17]} 31. Rxf4 {[%clk 0:01:20]}  Rxd5 {[%clk 0:00:17]} 32. h4 {[%clk 0:01:21]}  Rfd8 {[%clk 0:00:16]} 33. Re1 {[%clk 0:01:21]}  f6 {[%clk 0:00:15]} 34. Re7 {[%clk 0:01:21]}  Rd1+ {[%clk 0:00:12]} 35. Kh2 {[%clk 0:01:20]}  Ra1 {[%clk 0:00:11]} 36. Rg4 {[%clk 0:01:19]}  g6 {[%clk 0:00:07]} 37. h5 {[%clk 0:01:19]}  f5 {[%clk 0:00:04]} 38. Rg5 {[%clk 0:01:17]}  Ra6 {[%clk 0:00:02]} 39. hxg6 {[%clk 0:01:17]}  hxg6 {[%clk 0:00:02]} 40. Ne5 {[%clk 0:01:17]}  Rdd6 {[%clk 0:00:00]} 41. Rg3 {[%clk 0:01:15]} 1-0

[Event "April 9 Late 2024"]
[Site "Chess.com"]
[Date "2024.04.09"]
[Round "5"]
[White "Winkels, Marcel"]
[Black "Romero Ruscalleda, Josep"]
[Result "0-1"]
[Board "154"]
[WhiteFideId "1003887"]
[BlackFideId "2231859"]
[WhiteTitle "CM"]
[BlackTitle "FM"]
[WhiteElo "2048"]
[BlackElo "2355"]
[WhiteTeam "NED"]
[BlackTeam "ESP"]
[WhiteClock "0:00:18"]
[BlackClock "0:00:07"]
[Variant "Standard"]

1. e4 {[%clk 0:03:00]}  g6 {[%clk 0:02:57]} 2. d4 {[%clk 0:03:00]}  Bg7 {[%clk 0:02:55]} 3. Nc3 {[%clk 0:03:00]}  d6 {[%clk 0:02:56]} 4. f4 {[%clk 0:02:59]}  a6 {[%clk 0:02:56]} 5. Nf3 {[%clk 0:03:00]}  b5 {[%clk 0:02:56]} 6. a3 {[%clk 0:03:00]}  Bb7 {[%clk 0:02:55]} 7. Bd3 {[%clk 0:03:00]}  Nd7 {[%clk 0:02:55]} 8. O-O {[%clk 0:02:57]}  c5 {[%clk 0:02:55]} 9. dxc5 {[%clk 0:02:45]}  Nxc5 {[%clk 0:02:54]} 10. Be3 {[%clk 0:02:35]}  Nf6 {[%clk 0:02:51]} 11. Bxc5 {[%clk 0:02:22]}  dxc5 {[%clk 0:02:50]} 12. e5 {[%clk 0:02:22]}  Ng4 {[%clk 0:02:34]} 13. Ne4 {[%clk 0:02:16]}  Ne3 {[%clk 0:02:31]} 14. Qe2 {[%clk 0:01:58]}  Nxf1 {[%clk 0:02:31]} 15. Nxc5 {[%clk 0:01:55]}  Qb6 {[%clk 0:02:24]} 16. b4 {[%clk 0:01:51]}  Nxh2 {[%clk 0:02:12]} 17. Kxh2 {[%clk 0:01:47]}  Bc6 {[%clk 0:02:03]} 18. Ng5 {[%clk 0:01:33]}  O-O {[%clk 0:02:02]} 19. Qf2 {[%clk 0:01:28]}  h6 {[%clk 0:01:52]} 20. Nge4 {[%clk 0:01:27]}  Rad8 {[%clk 0:01:48]} 21. Qg3 {[%clk 0:01:17]}  Bxe4 {[%clk 0:01:37]} 22. Bxe4 {[%clk 0:01:11]}  e6 {[%clk 0:01:33]} 23. Rf1 {[%clk 0:01:06]}  Rd2 {[%clk 0:01:24]} 24. Rf3 {[%clk 0:01:04]}  a5 {[%clk 0:01:20]} 25. Qg4 {[%clk 0:00:58]}  axb4 {[%clk 0:01:10]} 26. axb4 {[%clk 0:00:57]}  h5 {[%clk 0:01:06]} 27. Qg5 {[%clk 0:00:56]}  Qd8 {[%clk 0:01:02]} 28. Qg3 {[%clk 0:00:46]}  Qc7 {[%clk 0:00:48]} 29. Qg5 {[%clk 0:00:43]}  Rd4 {[%clk 0:00:40]} 30. Rg3 {[%clk 0:00:39]}  Qd8 {[%clk 0:00:22]} 31. Nxe6 {[%clk 0:00:37]}  Qxg5 {[%clk 0:00:20]} 32. Nxg5 {[%clk 0:00:36]}  Rxb4 {[%clk 0:00:20]} 33. e6 {[%clk 0:00:34]}  fxe6 {[%clk 0:00:20]} 34. Nxe6 {[%clk 0:00:33]}  Rxe4 {[%clk 0:00:17]} 35. Nxf8 {[%clk 0:00:31]}  Kxf8 {[%clk 0:00:17]} 36. Rxg6 {[%clk 0:00:31]}  Rxf4 {[%clk 0:00:18]} 37. Rb6 {[%clk 0:00:30]}  Rf5 {[%clk 0:00:14]} 38. Kh3 {[%clk 0:00:29]}  Bf6 {[%clk 0:00:14]} 39. Rb8+ {[%clk 0:00:28]}  Kg7 {[%clk 0:00:14]} 40. Rb7+ {[%clk 0:00:29]}  Kg6 {[%clk 0:00:15]} 41. Rb6 {[%clk 0:00:29]}  Rc5 {[%clk 0:00:15]} 42. g3 {[%clk 0:00:27]}  Kg5 {[%clk 0:00:14]} 43. Rb7 {[%clk 0:00:27]}  Be5 {[%clk 0:00:14]} 44. Re7 {[%clk 0:00:25]}  Kf6 {[%clk 0:00:14]} 45. Rb7 {[%clk 0:00:24]}  Rc3 {[%clk 0:00:13]} 46. Rxb5 {[%clk 0:00:23]}  Rxg3+ {[%clk 0:00:13]} 47. Kh4 {[%clk 0:00:23]}  Rc3 {[%clk 0:00:08]} 48. Kxh5 {[%clk 0:00:22]}  Kf5 {[%clk 0:00:08]} 49. Ra5 {[%clk 0:00:18]}  Rh3# {[%clk 0:00:07]} 0-1

[Event "April 9 Late 2024"]
[Site "Chess.com"]
[Date "2024.04.09"]
[Round "5"]
[White "Haszon, David"]
[Black "Capp, Stephen"]
[Result "1-0"]
[Board "159"]
[WhiteFideId "733610"]
[BlackFideId "2027089"]
[WhiteTitle "FM"]
[WhiteElo "2341"]
[BlackElo "2107"]
[WhiteTeam "HUN"]
[BlackTeam "USA"]
[WhiteClock "0:00:16"]
[BlackClock "0:00:00"]
[Variant "Standard"]

1. d4 {[%clk 0:02:48]}  Nf6 {[%clk 0:02:59]} 2. c4 {[%clk 0:02:47]}  e6 {[%clk 0:02:58]} 3. Nc3 {[%clk 0:02:47]}  Bb4 {[%clk 0:02:58]} 4. Nf3 {[%clk 0:02:44]}  c5 {[%clk 0:02:57]} 5. e3 {[%clk 0:02:43]}  Nc6 {[%clk 0:02:56]} 6. Be2 {[%clk 0:02:41]}  Bxc3+ {[%clk 0:02:55]} 7. bxc3 {[%clk 0:02:41]}  O-O {[%clk 0:02:55]} 8. O-O {[%clk 0:02:40]}  d6 {[%clk 0:02:56]} 9. h3 {[%clk 0:02:30]}  e5 {[%clk 0:02:54]} 10. Qc2 {[%clk 0:02:16]}  b6 {[%clk 0:02:49]} 11. Rd1 {[%clk 0:02:15]}  Qc7 {[%clk 0:02:43]} 12. e4 {[%clk 0:01:58]}  h6 {[%clk 0:02:37]} 13. Be3 {[%clk 0:01:55]}  Ne7 {[%clk 0:02:28]} 14. Qd2 {[%clk 0:01:46]}  Ng6 {[%clk 0:02:24]} 15. Bd3 {[%clk 0:01:41]}  Nh5 {[%clk 0:02:09]} 16. Nh2 {[%clk 0:01:15]}  Nhf4 {[%clk 0:02:08]} 17. Bf1 {[%clk 0:01:10]}  Qe7 {[%clk 0:01:57]} 18. Ng4 {[%clk 0:01:02]}  h5 {[%clk 0:01:50]} 19. Nh2 {[%clk 0:00:55]}  f5 {[%clk 0:01:30]} 20. dxc5 {[%clk 0:00:48]}  dxc5 {[%clk 0:01:25]} 21. exf5 {[%clk 0:00:34]}  Bxf5 {[%clk 0:01:23]} 22. Qd6 {[%clk 0:00:32]}  Qg5 {[%clk 0:01:09]} 23. Nf3 {[%clk 0:00:29]}  Nxh3+ {[%clk 0:00:56]} 24. Kh2 {[%clk 0:00:27]}  Qg4 {[%clk 0:00:56]} 25. Nxe5 {[%clk 0:00:24]}  Nxe5 {[%clk 0:00:40]} 26. Qxe5 {[%clk 0:00:24]}  Ng5 {[%clk 0:00:32]} 27. Bxg5 {[%clk 0:00:20]}  Qxg5 {[%clk 0:00:32]} 28. Qg3 {[%clk 0:00:21]}  Qxg3+ {[%clk 0:00:27]} 29. Kxg3 {[%clk 0:00:22]}  Rad8 {[%clk 0:00:26]} 30. Be2 {[%clk 0:00:21]}  g6 {[%clk 0:00:15]} 31. Bf3 {[%clk 0:00:21]}  Bc2 {[%clk 0:00:08]} 32. Rxd8 {[%clk 0:00:21]}  Rxd8 {[%clk 0:00:07]} 33. Bd5+ {[%clk 0:00:22]}  Kg7 {[%clk 0:00:06]} 34. Re1 {[%clk 0:00:22]}  Bf5 {[%clk 0:00:03]} 35. Re7+ {[%clk 0:00:22]}  Kh6 {[%clk 0:00:02]} 36. f4 {[%clk 0:00:20]}  g5 {[%clk 0:00:00]} 37. Rxa7 {[%clk 0:00:16]} 1-0

[Event "April 9 Late 2024"]
[Site "Chess.com"]
[Date "2024.04.09"]
[Round "5"]
[White "Liu, Casper"]
[Black "Mihajlovskij, Sergei"]
[Result "0-1"]
[Board "161"]
[WhiteFideId "1454153"]
[BlackFideId "13500805"]
[WhiteTitle "FM"]
[WhiteElo "2524"]
[BlackElo "2204"]
[WhiteTeam "DEN"]
[BlackTeam "BLR"]
[WhiteClock "0:02:25"]
[BlackClock "0:02:20"]
[Variant "Standard"]

1. e4 {[%clk 0:02:55]}  c5 {[%clk 0:02:57]} 2. d4 {[%clk 0:02:53]}  cxd4 {[%clk 0:02:56]} 3. Nf3 {[%clk 0:02:53]}  Nf6 {[%clk 0:02:56]} 4. e5 {[%clk 0:02:53]}  Nd5 {[%clk 0:02:57]} 5. Bc4 {[%clk 0:02:53]}  Nb6 {[%clk 0:02:53]} 6. Bb3 {[%clk 0:02:53]}  e6 {[%clk 0:02:53]} 7. O-O {[%clk 0:02:53]}  d6 {[%clk 0:02:53]} 8. Qxd4 {[%clk 0:02:52]}  Nc6 {[%clk 0:02:52]} 9. Qf4 {[%clk 0:02:47]}  Qc7 {[%clk 0:02:38]} 10. Nc3 {[%clk 0:02:39]}  dxe5 {[%clk 0:02:37]} 11. Qg3 {[%clk 0:02:38]}  a6 {[%clk 0:02:34]} 12. Bg5 {[%clk 0:02:33]}  Bd6 {[%clk 0:02:25]} 13. Rad1 {[%clk 0:02:30]}  Nd4 {[%clk 0:02:23]} 14. Ne4 {[%clk 0:02:25]}  Ne2+ {[%clk 0:02:20]} 0-1

[Event "April 9 Late 2024"]
[Site "Chess.com"]
[Date "2024.04.09"]
[Round "5"]
[White "Mesquita, Eduardo Barbosa"]
[Black "Valtiner, Adamo"]
[Result "0-1"]
[Board "164"]
[WhiteFideId "22757163"]
[BlackFideId "1647962"]
[BlackTitle "CM"]
[WhiteElo "2328"]
[BlackElo "2172"]
[WhiteTeam "BRA"]
[BlackTeam "AUT"]
[WhiteClock "0:01:41"]
[BlackClock "0:01:01"]
[Variant "Standard"]

1. Nf3 {[%clk 0:03:00]}  Nc6 {[%clk 0:03:00]} 2. d4 {[%clk 0:03:01]}  d5 {[%clk 0:03:01]} 3. c4 {[%clk 0:03:01]}  Bf5 {[%clk 0:03:01]} 4. Nc3 {[%clk 0:03:02]}  dxc4 {[%clk 0:03:01]} 5. e4 {[%clk 0:03:02]}  Bg6 {[%clk 0:03:02]} 6. Bxc4 {[%clk 0:03:03]}  e6 {[%clk 0:03:02]} 7. O-O {[%clk 0:03:02]}  Nf6 {[%clk 0:03:03]} 8. d5 {[%clk 0:03:03]}  Na5 {[%clk 0:03:00]} 9. Bb5+ {[%clk 0:03:03]}  c6 {[%clk 0:03:01]} 10. dxc6 {[%clk 0:02:58]}  bxc6 {[%clk 0:03:02]} 11. Ba4 {[%clk 0:02:53]}  Nxe4 {[%clk 0:02:49]} 12. Nxe4 {[%clk 0:02:46]}  Bxe4 {[%clk 0:02:45]} 13. Qe1 {[%clk 0:02:30]}  Bxf3 {[%clk 0:02:11]} 14. gxf3 {[%clk 0:02:27]}  Qc7 {[%clk 0:02:11]} 15. Bf4 {[%clk 0:02:20]}  Qxf4 {[%clk 0:02:02]} 16. Qxa5 {[%clk 0:02:20]}  Bd6 {[%clk 0:01:57]} 17. Bxc6+ {[%clk 0:02:18]}  Ke7 {[%clk 0:01:57]} 18. Rfd1 {[%clk 0:02:12]}  Rac8 {[%clk 0:01:42]} 19. Qxa7+ {[%clk 0:02:09]}  Rc7 {[%clk 0:01:41]} 20. Qb6 {[%clk 0:02:06]}  Rhc8 {[%clk 0:01:29]} 21. Be4 {[%clk 0:02:06]}  Qxh2+ {[%clk 0:01:13]} 22. Kf1 {[%clk 0:02:05]}  Bc5 {[%clk 0:01:14]} 23. Qxc7+ {[%clk 0:01:44]}  Rxc7 {[%clk 0:01:08]} 24. Rd2 {[%clk 0:01:42]}  Qh1+ {[%clk 0:01:00]} 25. Ke2 {[%clk 0:01:41]}  Qxa1 {[%clk 0:01:01]} 0-1

[Event "April 9 Late 2024"]
[Site "Chess.com"]
[Date "2024.04.09"]
[Round "5"]
[White "Cramling Bellon, Anna"]
[Black "Kostiukov, Alexandr"]
[Result "1-0"]
[Board "167"]
[WhiteFideId "32009232"]
[BlackFideId "14108100"]
[WhiteTitle "WFM"]
[WhiteElo "2076"]
[BlackElo "2248"]
[WhiteTeam "SWE"]
[BlackTeam "UKR"]
[WhiteClock "0:00:07"]
[BlackClock "0:00:08"]
[Variant "Standard"]

1. d4 {[%clk 0:03:00]}  g6 {[%clk 0:02:57]} 2. c4 {[%clk 0:02:54]}  Bg7 {[%clk 0:02:56]} 3. Nc3 {[%clk 0:02:54]}  d6 {[%clk 0:02:56]} 4. e4 {[%clk 0:02:49]}  e5 {[%clk 0:02:56]} 5. d5 {[%clk 0:02:49]}  f5 {[%clk 0:02:56]} 6. Bd3 {[%clk 0:02:48]}  Nf6 {[%clk 0:02:52]} 7. h4 {[%clk 0:02:42]}  O-O {[%clk 0:02:36]} 8. Nf3 {[%clk 0:01:50]}  fxe4 {[%clk 0:01:53]} 9. Nxe4 {[%clk 0:01:50]}  Nxe4 {[%clk 0:01:53]} 10. Bxe4 {[%clk 0:01:50]}  Bg4 {[%clk 0:01:53]} 11. Bg5 {[%clk 0:01:49]}  Qe8 {[%clk 0:01:53]} 12. Qc2 {[%clk 0:01:45]}  Nd7 {[%clk 0:01:51]} 13. O-O-O {[%clk 0:01:44]}  Nc5 {[%clk 0:01:50]} 14. h5 {[%clk 0:01:28]}  Nxe4 {[%clk 0:01:32]} 15. Qxe4 {[%clk 0:01:25]}  Bxh5 {[%clk 0:01:27]} 16. g4 {[%clk 0:01:22]}  Qf7 {[%clk 0:01:13]} 17. Rh3 {[%clk 0:01:05]}  Bxg4 {[%clk 0:01:02]} 18. Qxg4 {[%clk 0:01:04]}  Qf5 {[%clk 0:01:03]} 19. Qh4 {[%clk 0:00:47]}  h5 {[%clk 0:00:57]} 20. Be3 {[%clk 0:00:42]}  e4 {[%clk 0:00:43]} 21. Nd4 {[%clk 0:00:35]}  Qe5 {[%clk 0:00:35]} 22. Qg3 {[%clk 0:00:27]}  Qf6 {[%clk 0:00:17]} 23. Rg1 {[%clk 0:00:26]}  Kh7 {[%clk 0:00:08]} 24. Qg5 {[%clk 0:00:19]}  c5 {[%clk 0:00:08]} 25. dxc6 {[%clk 0:00:15]}  bxc6 {[%clk 0:00:07]} 26. Qxf6 {[%clk 0:00:12]}  Rxf6 {[%clk 0:00:08]} 27. Nxc6 {[%clk 0:00:06]}  Rc8 {[%clk 0:00:07]} 28. Na5 {[%clk 0:00:07]}  Rf5 {[%clk 0:00:06]} 29. b4 {[%clk 0:00:07]}  Bc3 {[%clk 0:00:03]} 30. a3 {[%clk 0:00:05]}  d5 {[%clk 0:00:02]} 31. c5 {[%clk 0:00:03]}  d4 {[%clk 0:00:02]} 32. Bg5 {[%clk 0:00:03]}  d3 {[%clk 0:00:02]} 33. Bd2 {[%clk 0:00:03]}  Bd4 {[%clk 0:00:02]} 34. Be3 {[%clk 0:00:03]}  Be5 {[%clk 0:00:01]} 35. Rg5 {[%clk 0:00:03]}  Bg7 {[%clk 0:00:01]} 36. Rxf5 {[%clk 0:00:03]}  gxf5 {[%clk 0:00:02]} 37. Rxh5+ {[%clk 0:00:04]}  Kg6 {[%clk 0:00:03]} 38. Rg5+ {[%clk 0:00:04]}  Kf6 {[%clk 0:00:03]} 39. Rh5 {[%clk 0:00:04]}  Rg8 {[%clk 0:00:03]} 40. Rh1 {[%clk 0:00:02]}  Bf8 {[%clk 0:00:03]} 41. Nc4 {[%clk 0:00:02]}  Rg2 {[%clk 0:00:04]} 42. Bd4+ {[%clk 0:00:03]}  Kf7 {[%clk 0:00:03]} 43. Rh7+ {[%clk 0:00:03]}  Kg6 {[%clk 0:00:03]} 44. Rh8 {[%clk 0:00:02]}  Be7 {[%clk 0:00:02]} 45. Rg8+ {[%clk 0:00:03]}  Kf7 {[%clk 0:00:02]} 46. Rxg2 {[%clk 0:00:03]}  f4 {[%clk 0:00:03]} 47. Rg7+ {[%clk 0:00:03]}  Ke6 {[%clk 0:00:03]} 48. Rg6+ {[%clk 0:00:03]}  Kf5 {[%clk 0:00:03]} 49. Rg7 {[%clk 0:00:02]}  Bf6 {[%clk 0:00:04]} 50. Rf7 {[%clk 0:00:02]}  Kg4 {[%clk 0:00:03]} 51. Rxf6 {[%clk 0:00:02]}  Kf3 {[%clk 0:00:04]} 52. Be5 {[%clk 0:00:02]}  e3 {[%clk 0:00:03]} 53. Rxf4+ {[%clk 0:00:03]}  Ke2 {[%clk 0:00:04]} 54. fxe3 {[%clk 0:00:03]}  a5 {[%clk 0:00:03]} 55. Re4 {[%clk 0:00:03]}  a4 {[%clk 0:00:03]} 56. Nd2 {[%clk 0:00:03]}  Ke1 {[%clk 0:00:03]} 57. Rf4 {[%clk 0:00:04]}  Ke2 {[%clk 0:00:04]} 58. e4 {[%clk 0:00:04]}  Ke3 {[%clk 0:00:04]} 59. Rf5 {[%clk 0:00:05]}  Ke2 {[%clk 0:00:03]} 60. Rf8 {[%clk 0:00:04]}  Ke3 {[%clk 0:00:04]} 61. Bf4+ {[%clk 0:00:04]}  Kd4 {[%clk 0:00:04]} 62. e5 {[%clk 0:00:04]}  Kd5 {[%clk 0:00:04]} 63. Rd8+ {[%clk 0:00:04]}  Ke6 {[%clk 0:00:05]} 64. Rd6+ {[%clk 0:00:04]}  Kf5 {[%clk 0:00:06]} 65. Ra6 {[%clk 0:00:05]}  Kxf4 {[%clk 0:00:04]} 66. e6 {[%clk 0:00:06]}  Kf5 {[%clk 0:00:05]} 67. e7 {[%clk 0:00:06]}  Ke5 {[%clk 0:00:06]} 68. e8=Q+ {[%clk 0:00:07]}  Kd4 {[%clk 0:00:07]} 69. Qe4+ {[%clk 0:00:07]}  Kc3 {[%clk 0:00:08]} 70. Qc4# {[%clk 0:00:07]} 1-0